Elements of vibration analysis (Record no. 299411)

000 -LEADER
fixed length control field 00268 a2200121 4500
001 - CONTROL NUMBER
control field 64338
082 ## - DEWEY DECIMAL CLASSIFICATION NUMBER
Classification number 531 MEI
090 ## - LOCALLY ASSIGNED LC-TYPE CALL NUMBER (OCLC); LOCAL CALL NUMBER (RLIN)
-- 37974
-- 37974
100 ## - MAIN ENTRY--PERSONAL NAME
Personal name Meirovitch L
245 ## - TITLE STATEMENT
Title Elements of vibration analysis
260 ## - PUBLICATION, DISTRIBUTION, ETC.
Place of publication, distribution, etc. NY
Name of publisher, distributor, etc. McGraw-Hill
Date of publication, distribution, etc. 1975
300 ## - PHYSICAL DESCRIPTION
Extent 495 p
942 ## - ADDED ENTRY ELEMENTS (KOHA)
Institution code [OBSOLETE] NUST-CAE
Call number prefix 531 MEI
Holdings
Withdrawn status Lost status Damaged status Not for loan Collection code Permanent Location Current Location Date acquired Total Checkouts Full call number Barcode Date last seen Price effective from Koha item type
          College of Aeronautical Engineering (CAE) College of Aeronautical Engineering (CAE) 04/03/2017   531 MEI CAEG-5289 04/05/2017 04/05/2017 Book
          College of Aeronautical Engineering (CAE) College of Aeronautical Engineering (CAE) 04/03/2017   531 MEI CAEG-5290 04/05/2017 04/05/2017 Book
© 2023 Central Library, National University of Sciences and Technology. All Rights Reserved.